000 00746nam a2200241 a 4500
999 _c8218
_d8218
003 PK-NaQUE
005 20250902100430.0
008 250902b ||||| |||| 00| 0 eng d
020 _a8131717933 (paperback)
020 _a9788131717936 (paperback)
040 _cQUEST
100 1 _aKuo, Sen M.
245 1 0 _aDigital Signal Processors : architectures, implementations, and applications
260 _a[S.l.] :
_bPearson Education,
_c2009.
300 _a619 p. ;
650 _a Signal processing
650 _aDigital techniques.
650 _a Signaalverwerking
650 _a Digitale technieken.
700 1 _aGan, Woon-Seng S.
856 4 0 _uhttp://10.10.170.122:8080/browse/book/28282
_yDownload eBook
942 _cBK
_2ddc